Amazon throne (Record no. 5988)

MARC details
000 -CABECERA
campo de control de longitud fija 00840nam a2200265 a 4500
001 - NÚMERO DE CONTROL
campo de control BRCA_6302
005 - FECHA Y HORA DE LA ÚLTIMA TRANSACCIÓN
campo de control 20190320205415.0
008 - DATOS DE LONGITUD FIJA--INFORMACIÓN GENERAL
campo de control de longitud fija 040811s1941----u--ac#####---#000-0#eng-#
041 ## - CÓDIGO DE LENGUA
Código de lengua del texto/banda sonora o título independiente eng
044 ## - CÓDIGO DEL PAÍS DE LA ENTIDAD EDITORA/PRODUCTORA
Código MARC del país u
050 #4 - SIGNATURA TOPOGRÁFICA DE LA BIBLIOTECA DEL CONGRESO
Número de clasificación F2534
Número de documento/Ítem .H37 1941
100 1# - ENTRADA PRINCIPAL--NOMBRE DE PERSONA
Nombre de persona Harding, Bertita.
9 (RLIN) 10128
245 10 - MENCIÓN DE TÍTULO
Título Amazon throne
Resto del título the story of the Braganzas of Brazil
Mención de responsabilidad, etc. by Bertita Harding.
260 ## - PUBLICACIÓN, DISTRIBUCIÓN, ETC.
Lugar de publicación, distribución, etc. Indianapolis, Indiana
Nombre del editor, distribuidor, etc. Bobbs-Merrill
Fecha de publicación, distribución, etc. 1941
300 ## - DESCRIPCIÓN FÍSICA
Extensión 353 p.
Otras características físicas il., retratos
Dimensiones 24 cm.
500 ## - NOTA GENERAL
Nota general Con dedicatoria de la autora a Franz Mayer
500 ## - NOTA GENERAL
Nota general Incluye lista de ilustraciones e índice alfabético
500 ## - NOTA GENERAL
Nota general K165
504 ## - NOTA DE BIBLIOGRAFÍA, ETC.
Nota de bibliografía, etc. Bibliografía: p. 329-335
600 14 - PUNTO DE ACCESO ADICIONAL DE MATERIA--NOMBRE DE PERSONA
Nombre de persona Braganza, Familia
9 (RLIN) 15808
651 #4 - PUNTO DE ACCESO ADICIONAL DE MATERIA--NOMBRE GEOGRÁFICO
Nombre geográfico Brasil
Subdivisión general Historia
Subdivisión cronológica 1763-1821
9 (RLIN) 15809
651 #4 - PUNTO DE ACCESO ADICIONAL DE MATERIA--NOMBRE GEOGRÁFICO
Nombre geográfico Brasil
Subdivisión general Historia
Subdivisión cronológica 1822-1889
9 (RLIN) 15810
902 ## - CATALOGADOR
Iniciales GFM
942 ## - ELEMENTOS DE PUNTO DE ACCESO ADICIONAL (KOHA)
Fuente del sistema de clasificación o colocación Library of Congress Classification
Tipo de ítem Koha Libros
Holdings
Estado de retiro Estado de pérdida Estado dañado No para préstamo Localización permanente Ubicación/localización actual Fecha de adquisición Número de inventario Total de préstamos Signatura topográfica completa Código de barras Fecha visto por última vez Precio válido a partir de Tipo de ítem Koha
El ejemplar forma parte de la colección y puede ser consultado según las políticas vigentes.       Biblioteca del Museo Franz Mayer (Rogerio Casas-Alatriste) Biblioteca del Museo Franz Mayer (Rogerio Casas-Alatriste) 04/08/2011 K165   F2534 .H37 1941 (K165) 6741 22/03/2019 22/03/2019 Libros